Truyện ngắn đặc sắc các tác giả được giải Nobel Nhiều tác giả - Nhiều dịch giả

Сохранить в:
Библиографические подробности
Формат:
Язык:Vietnamese
Опубликовано: H. Văn học 2008
Предметы:
Метки: Добавить метку
Нет меток, Требуется 1-ая метка записи!
Thư viện lưu trữ: Mạng thư viện Đại học Đà Nẵng
LEADER 01018nam a2200301 4500
001 000005144
003 1287
005 20120412150407.0
008 110810s2008 viesd
020 |c 87000đ 
041 0 |a vie 
082 |a 808.83  |b TRU 
245 0 |a Truyện ngắn đặc sắc các tác giả được giải Nobel  |b Nhiều tác giả - Nhiều dịch giả 
260 |a H.  |b Văn học  |c 2008 
300 |a 578 tr.  |c 20 cm. 
653 |a Văn học thế giới 
653 |a Truyện ngắn 
910 |a Huỳnh Thị Cẩm Lai  |d 10/08/2011 
OWN |a LSP 
AVA |a UDN50  |b LSP  |d 808.83 TRU  |e available  |t Error 5001 Not defined in file expand_doc_bib_avail.  |f 10  |g 0  |h N  |i 0  |k 1 
999 |a From the UDN01 
AVA |a UDN50  |b LSP  |d 808.83 TRU  |e available  |t Error 5001 Not defined in file expand_doc_bib_avail.  |f 10  |g 0  |h N  |i 0  |k 1 
TYP |a Monograph 
TYP |a Printed language 
980 |a Mạng thư viện Đại học Đà Nẵng